Statystyki dla Na Terenie Jakiego Państwa Znajdują się te Miasta #3

Kliknij tutaj aby rozwiązać quiz!

Ogólne statystyki

  • Ten quiz został rozwiązany 2 477 razy
  • Średni wynik to 24 z 34

Statystyki odpowiedzi

Nazwa MiastaKraj w którym się znajduje% Poprawnych
StuttgartNiemcy
97%
Rio De JaneiroBrazylia
91%
BilbaoHiszpania
91%
TorontoKanada
90%
KoninPolska
90%
RejkiawikIslandia
88%
PodgoricaCzarnogóra
86%
PilznoCzechy
83%
DubajZjednoczone Emiraty Arabskie
83%
CanberraAustralia
81%
HagaHolandia
81%
TuluzaFrancja
80%
KiszyniówMołdawia
76%
Astana (Nur-Sułtan)Kazachstan
75%
HawanaKuba
75%
LimaPeru
74%
BrześćBiałoruś
72%
HonoluluStany Zjednoczone
70%
AleksandriaEgipt
69%
LinzAustria
67%
OmskRosja
66%
ErywańArmenia
63%
NairobiKenia
61%
TajpejTajwan
60%
TianjinChiny
59%
KabulAfganistan
57%
CasablancaMaroko
55%
AntananarywaMadagaskar
54%
WarnaBułgaria
52%
DundeeWielka Brytania
52%
NagojaJaponia
47%
ChartumSudan
41%
KinszasaDemokratyczna Republika Konga
38%
KolomboSri Lanka
32%

Rozkład punktacji

Percentyl według liczby udzielonych odpowiedzi

Procent ludzi z każdym wynikiem

Twoja historia wyników

Nie rozwiązałeś tego quizu